00347nam a22001337a 450000500170000000800410001704100080005808200090006610000210007524500630009626000220015930000080018165000240018920160521121806.0160521b xxu||||| |||| 00| 0 eng d aeng b3746 aT.S. Swaminathan aTheory of Cable Accessories cable installation and tertiry bKhanna Publishing a166 aDIPLOMA ENGINEERING